000 01074nac a22003251i 4500
003 EG-ScBUE
005 20250622085509.0
008 250611t1996 gw a f b 001 0 eng d
020 _a3540607897
020 _a9783540607892
040 _aEG-ScBUE
_beng
_erda
_cEG-ScBUE
_dEG-ScBUE
082 0 4 _a536.7
_bJOU
_222
100 1 _aJou, D.
_q(David),
_eauthor.
245 1 0 _aExtended irreversible thermodynamics /
_cDavid Jou, J. Casas-Vázquez, G. Lebon.
250 _aSecond revised and enlarged edition.
264 1 _aBerlin :
_bSpringer,
_c[1996]
264 4 _cc1996
300 _axiv, 383 pages :
_billustrations ;
_c24 cm
336 _2rdacontent
_atext
_btxt
337 _aunmediated
_2rdamedia
_bn
338 _avolume
_bnc
_2rdacarrier
500 _aWith 27 Figures.
500 _aIncludes Appendices.
504 _aIncludes bibliographical references and index.
650 7 _aIrreversible processes.
_2BUEsh
655 _vReading book
700 1 _aCasas-Vázquez, J.
_q(José),
_d1938-
_eauthor.
700 1 _aLebon, G.
_q(Georgy),
_eauthor.
942 _cBB
_2ddc
999 _c9619
_d9619